Aid to Diagnosis in Surgery : Practical manual for medical students (Record no. 156454)

MARC details
000 -LEADER
fixed length control field 00409nam a2200145Ia 4500
008 - FIXED-LENGTH DATA ELEMENTS--GENERAL INFORMATION
fixed length control field 230411s9999 xx 000 0 und d
020 ## - INTERNATIONAL STANDARD BOOK NUMBER
International Standard Book Number 0-7506-2345-4
041 ## - LANGUAGE CODE
Language code of text/sound track or separate title eng
082 ## - DEWEY DECIMAL CLASSIFICATION NUMBER
Classification number S/610.73677/SEL/B05990
100 ## - MAIN ENTRY--PERSONAL NAME
Personal name Sellu David
9 (RLIN) 178840
245 ## - TITLE STATEMENT
Title Aid to Diagnosis in Surgery : Practical manual for medical students
260 ## - PUBLICATION, DISTRIBUTION, ETC. (IMPRINT)
Name of publisher, distributor, etc. Butterworth
Place of publication, distribution, etc. Oxford
Date of publication, distribution, etc. 1995
300 ## - PHYSICAL DESCRIPTION
Extent 296p
Holdings
Withdrawn status Lost status Damaged status Not for loan Collection code Home library Current library Date acquired Vendor Cost, normal purchase price Total Checkouts Full call number Barcode Date last seen Cost, replacement price Bill Date Koha item type Original Barcode
          Smt. Bakul Tambat Institute of Nursing Education Smt. Bakul Tambat Institute of Nursing Education 20/01/2010 British Library 50.00   S 610.73677 SEL B05990 BTIN-BK-5990 11/04/2023 50.00 20/01/2010 Books B05990